000 00683nam a22002417a 4500
001 562
003 BD-RjUL
005 20211208233211.0
008 131118b1993 ii ||||| |||| 00| 0 eng d
020 _a81 207 11203
035 _a(BD-RjUL) 579
040 _aBD-RjUL
_beng
_cBD-RjUL
041 _aeng
082 _219
_a 025.435
_bCOL 1993
245 _aColon classification :
_b some perspectives /
_cedited by Mohinder Partap Satija.
250 _a7th edition
260 _aNew Delhi:
_bGreen Park Extension,
_cC-1993
300 _axx,220 p. ;
_c23 cm.
504 _aIncludes index (217-220)
650 _2Colon classification
700 _a M.P. Satija.
_91724
942 _2ddc
_cBK
999 _c562
_d562